Регионална библиотека "Любен Каравелов" - Русе

Култура на предприемачеството (Запис номер 1200)

MARC детайли
000 -Лидер
Контролно поле с фиксирана дължина 01827nam a2200385 c 4500
003 - Код на организацията, давaща контролен номер
Контролно поле BLK
005 - Дата и час на последна редакция
Контролно поле 20240604102615.0
008 - Елементи от данни с фиксирана дължина
fixed length control field 180412b bul|||||r ||||||| ||bul||
010 ## - Наследен системен номер
LC control number KNG00002002000
020 ## - Международен стандартен номер на книга ISBN
Международен стандартен номер на книга ISBN 954-497-107-X
-- издат.: Унив. изд. Стопанство
040 ## - Източник на каталожния запис
Идентификатор на билиотеката - собственик на записа BLK
041 ## - Код за език
Код за езика на текст/звукозапис или на отделно заглавие Български
Код за езика КДБФ Български
080 ## - УДК
Текстов определител УДК Икономическа психология. Икономическо поведение. Физиологични и психологични елементи. Интереси. Икономически дух
УДК код - определител по УДК 330.16
УДК определител
УДК - код + определител 330.16
080 ## - УДК
Текстов определител УДК Етика на бизнеса. Успех
УДК код - определител по УДК 174.4
УДК определител
УДК - код + определител 174.4
139 ## - Редно поле
Редна дума Култура на предприемачеството
Авторски знак Ку - К 93
245 10 - Сведения за заглавието
Заглавие Култура на предприемачеството
Подзаглавни данни Сборник
Редно поле (дума) прев. от англ. Елена Желева; ред. Бриджит Бъргър.
257 ## - Страна на издаване
Страна на създаване/издаване Съединени американски щати
260 ## - Област на издателските данни
-- София
Име на издателя, разпространителя и проч. Унив. изд. Стопанство
Година на издаване 1994
300 ## - Физическа характеристика
Страници 284 с.
Илюстрации и др. с табл.
Размери/Мащаб 23 см
380 ## - Жанр
Жанр Обществени науки
490 1# - СЕРИИ (Колекции)
Име на серия Съвременна икономическа мисъл
500 ## - Общи забележки
Забележка Ориг. загл. The Culture of entrepreneurship / Ed. by Brigitte Berger. - 3 051 тир.
650 #4 - Допълнително описание по предмет – тема
Основно описание – тема или топоним Поведение - в бизнеса
9 (RLIN) 243749
650 #4 - Допълнително описание по предмет – тема
Основно описание – тема или топоним Бизнес - етични проблеми
9 (RLIN) 243750
653 ## - Ключова дума – ненормативна
Ключова дума предприемачество
653 ## - Ключова дума – ненормативна
Ключова дума бизнес етикет
700 1# - Други автори (авторска отговорност)
Лично име Желева, Елена
Автороска отговорност (Описва отношението между автора и произведението) прев. от англ.
9 (RLIN) 241560
700 1# - Други автори (авторска отговорност)
Лично име Бъргър, Бриджит
Автороска отговорност (Описва отношението между автора и произведението) ред.
9 (RLIN) 243748
852 ## - Местоположение
Форматна сигнатура Цб 178712
856 4# - Електронен адрес и достъп
Електронен формат pdf - файл
Път до файла /url/
856 4# - Електронен адрес и достъп
Електронен формат pdf - файл
Път до файла /url/
942 ## - АРТИКУЛИ
Вид на библиотечния материал Книги
Скрит в OPAC Не
Koha issues (borrowed), all copies 6
944 ## - СЪЗДАВАНЕ И РЕДАКЦИЯ на ЗАПИСА
Създаване/Редакция Създаване
Дата на регистрацията/редакция 15.01.2003
Служител, извършил регистрацията/редакцията 30564
Статус, дата на статуса Галина Якимова
944 ## - СЪЗДАВАНЕ И РЕДАКЦИЯ на ЗАПИСА
Създаване/Редакция Редакция
Дата на регистрацията/редакция 11.12.2014
Служител, извършил регистрацията/редакцията Виолета_Тройчева
999 ## - СИСТЕМНИ КОНТРОЛНИ НОМЕРА
Koha biblionumber 1200
Koha biblioitemnumber 1200
Наличности
Код за отписване Код за изгубен артикул Източник на класификационната схема Код за повреда Коз за рестрикции Код за отдаване Артикулен № Име на библиотеката - собственик Име на библиотеката, в която се намира в момента Статус (Текущо местоположение) Дата на вписване в системата Местоположение - отдел Цена в лева Инвентарен номер Систематично азбучна сигнатура Баркод Номер на екземпляра Цена в евро Служебна бележка Служебен тип на артикула
  Не е изгубен Universal Decimal Classification Не е повреден без рестрикции заемане за дома 2399 Регионална библиотека "Любен Каравелов" Русе Регионална библиотека "Любен Каравелов" Русе Заемна - подръчен фонд 2001-01-01 Заемна - подръчен фонд 0.54 608808 П 330.16/К 93 120000608808 1 0.28 Дост: Pk Вид: Ф N: стар фонд Дата: 01.01.1994 Дата инв: 05.02.2018 Бележки инв: П2018 Книги
Изтеглен Не е изгубен Universal Decimal Classification Не е повреден без рестрикции заемане за дома 2400 Регионална библиотека "Любен Каравелов" Русе Регионална библиотека "Любен Каравелов" Русе Заемна - подръчен фонд 2001-01-01 Заемна - подръчен фонд 2.40 622878 П 330.16/К 93 622878 2 1.23 Дост: Pk Вид: Ф N: стар фонд Дата: 01.01.1994 Дата инв: 05.02.2018 Бележки инв: П2018 Книги
  Не е изгубен Universal Decimal Classification Не е повреден без рестрикции ползва се в читалня 2401 Регионална библиотека "Любен Каравелов" Русе Регионална библиотека "Любен Каравелов" Русе Хранилище 1995-01-01 Хранилище 1.20 603160 Цб 178712 603160 3 0.61 Дост: Dp Вид: Д N: стар фонд Дата: 01.01.1995 Дата инв: 09.09.2015 Бележки инв: Цб2015 Книги
  Не е изгубен   Не е повреден без рестрикции заемане за дома 2402 Регионална библиотека "Любен Каравелов" Русе Регионална библиотека "Любен Каравелов" Русе Заемна - подръчен фонд 2002-09-24 Заемна - подръчен фонд 6.00 120000672392 П 330.1/К 93 120000672392 4 3.07 Дост: DA Вид: А N: 35 Дата: 24.09.2002 Дата инв: 05.02.2018 Бележки инв: П2018 Книги
Vip Innovations Ltd, Rousse, Bulgaria 2025